[Event "Yangon zt"]
[Site "Yangon"]
[Date "1998.12.14"]
[Round "7"]
[White "Lioe, Dede"]
[Black "Zaw, Win Lay"]
[Result "1-0"]
[WhiteElo "2375"]
[BlackElo "2465"]
[Annotator "Gofshtein,L"]
[PlyCount "69"]
[EventDate "1998.12.??"]
[EventType "swiss"]
[EventRounds "9"]
[EventCountry "BUR"]
[SourceTitle "CBM 069"]
[Source "ChessBase"]
[SourceDate "1999.04.01"]
[SourceVersion "1"]
[SourceVersionDate "1999.04.01"]
[SourceQuality "1"]

1. e4 c5 2. Nf3 d6 3. d4 cxd4 4. Nxd4 Nf6 5. Nc3 Nc6 6. Bg5 e6 7. Qd2 Be7 8.
O-O-O O-O 9. f4 Nxd4 10. Qxd4 Qa5 11. Bc4 Bd7 12. e5 dxe5 13. fxe5 Bc6 14. Bd2
Nd7 15. Nd5 Qd8 16. Nxe7+ Qxe7 17. Rhe1 Rfc8 {more common 17...Rfd8} (17... Qc5
18. Qxc5 Nxc5 19. Bb4 b6 20. Re2 Rfd8 21. Red2 Rxd2 22. Rxd2 Kf8 23. g3 Ke7 24.
b3 {Savon,V-Paoli,E/Cienfuegos/1973/1-0 (66)}) (17... Rfd8 {Boensch} 18. Qg4
Nf8 19. h4 (19. Bd3 Rxd3 20. cxd3 Qd7 21. Kb1 Qxd3+ 22. Ka1 h5 $1 23. Qxh5 $2 (
23. Qe2 Qg6 $44) 23... Ba4 $1 $15 {Oll,L-Hodgson,J Groningen 1993 0-1 45}) (19.
Bf1 Qc5 (19... Ng6 $6 20. Bb4 Rxd1+ 21. Rxd1 Qc7 (21... Nxe5 22. Qxg7+ Kxg7 23.
Bxe7 $16 {^^}) 22. Qd4 Bd5 23. Bc3 $14 {Kovalev,A-Leko,P Munich op9192 (04)
1992 1-0 43}) 20. Bc3 Ng6 21. Qg5 Rd5 22. Rxd5 Bxd5 23. a3 $10 {Kamsky,G-Anand,
V Linares (07) 1993 0-1 68}) 19... Qc5 20. Bc3 Qf2 $146 21. Rd6 Qxg2 22. Qd4
Rdc8 23. Bd2 Ng6 (23... Qh2 $1 24. Re2 (24. Bd3 Ng6 25. Bxg6 hxg6 $15) 24...
Qh1+ 25. Re1 Qh2 $10 {(Leko)}) 24. h5 $36 {Almasi,Z-Leko,P HUN-ch 1993 1/4 35
-Inf.59/233}) (17... Nb6 {Boensch} 18. Bd3 Rfd8 19. Qg4 Rxd3 20. cxd3 Ba4 21.
Bh6 f5 22. exf6 Qxf6 23. Bd2 Rc8+ 24. Kb1 Bc2+ 25. Ka1 Bxd1 26. Qxd1 $10 {
Cseshkovsky,V-Anand,V Ovideo 25' (09) 1993}) 18. Qg4 (18. Qf4 a5 19. Kb1 Nb6
20. Bd3 Nd5 21. Qg4 Qc5 22. Re4 b5 23. Qh3 Nb4 24. Be3 Bxe4 25. Bxe4 Qxe5 26.
Qxh7+ Kf8 27. Bxa8 Ke7 28. Qe4 Qc7 29. Qb7 {1-0 Karpov,A-Ungureanu,E/Skopje
1972/MCD (29)}) (18. Bf1 Qc5 (18... a6 19. Bb4 Qd8 (19... Qg5+ 20. Kb1 b6 21.
Rd3 $40) 20. Kb1 b5 (20... b6 21. Qf4 Bd5 22. c4 Bc6 23. Re3 $16) 21. Qf4 Bd5
22. Bd3 Nc5 (22... Bxg2 $4 23. Rg1 Bd5 24. Rxg7+ Kxg7 25. Rg1+ Kh8 26. Qh6 $18)
23. Bxc5 $1 Rxc5 24. Re3 $36 {1-0 Anand,V-Beliavsky,A/Linares 1994/CBM 40/
[Ftacnik] (39)}) (18... Bd5 19. Kb1 Qc5 20. Qxc5 Nxc5 21. Be3 a5 22. Rd4 Nd7
23. Bf4 Nf8 24. c4 Bc6 25. g3 h6 26. b3 Bf3 27. Be2 Bxe2 28. Rxe2 $16 {1-0
Zelic,Z-Nikolac,J/Makarska Tucepi 1995/EXT 97 (57)}) 19. Qxc5 (19. Bb4 Qxd4 20.
Rxd4 h6 21. b3 Nf8 {1/2-1/2 Feher,G-Tolnai,T/HUN-ch 1989/TD (21)}) (19. Qf4 $2
Bf3 $1) 19... Nxc5 20. Bb4 $14 {1-0 Gufeld,E-Parameswaran,T/Delhi 1984/MCL (49)
} (20. Be3 $14 Nd7 21. Bf2 Nf8 (21... h6 22. b3 b6 23. Rd4 Kf8 24. Kb2 {
Topalov,V-Yudasin,L/Leon (2)/1993/0.5 (50)}) 22. b3 Rd8 23. Rxd8 Rxd8 24. Bxa7
$14 {1-0 Matulovic,M-Pavlovic,D/Nis 1983/MCD (40)})) (18. Kb1 a5 (18... Qc5 19.
Qxc5 Nxc5 20. Bf1 a5 21. Be3 $14 {1-0 Ivanchuk,V-Garcia,D/Terrassa 1991/CBM 24
(51)}) 19. Qg4 Qb4 20. Bh6 Qf8 21. Re3 Kh8 22. Bf4 $36 {1-0 Palac,M-Kotronias,
V/Metz 1998/EXT 99 (54)}) 18... Nf8 $5 (18... Qc5 19. Bh6 g6 20. Re2 Qe7 (20...
Rc7 21. Rf1 Re8 22. Ref2 Bd5 23. Rxf7 Nxe5 24. Qd4 {Cseshkovsky,V-Korensky,V/
USSR/1973/1-0 (39)}) 21. Bg5 Qe8 22. h4 $40 {1-0 Plater,K-Kapfer,T/Krakow 1938/
EXT 99 (45)}) (18... Kh8 {Chekhov} 19. Re3 Qc5 20. Rh3 Bxg2 21. Rg3 g6 22. Bb3
Bd5 23. Bc3 $1 $16 {Ivanchuk/}) (18... Kf8 $5) 19. Bd3 $5 $146 (19. h4 Qc7 20.
Bb3 Bd5 $13 {0-1 Kruszynski,W-Mueller,G/Hamburg 1984/MCD (32)}) 19... Ng6 $5 {
with idea 20...Qh4} 20. g3 Qc7 {[%csl Ye5][%cal Rc7e5,Rg6e5,Rc7c2]} 21. Bc3 b5
$5 22. h4 $40 Qb7 $1 {[%csl Rb4,Rf3][%cal Gc6f3,Rb5b4]} 23. Rf1 b4 24. Bd4 Qc7
$2 {until this moment black played well,but now  he  made  mistake,24... Bb5
instead 24...Qc7 gave strong counterplay} (24... Bb5 $1 25. h5 (25. Be4 Bc6 $11
) 25... Bxd3 26. Rxd3 Qc7 $1 27. Qe2 (27. Rd2 Nxe5 28. Qg5 Qc4 $1 29. Rff2 $1 (
29. Qxe5 $2 Qxf1+ 30. Rd1 Qf6) (29. Bxe5 $2 Qxf1+ 30. Rd1 f6) 29... Qxa2 (29...
f6 30. Bxe5 fxg5 31. Rd7 Rc5 32. Rxg7+ Kh8 33. Bf6 Rf8 34. Rf7+ $11) 30. b3 (
30. Rd1 $2 f6 31. Rxf6 Rc5 32. Bxe5 (32. Bxc5 Nc4 $19) 32... Qa1+ 33. Kd2 Rd8+
34. Ke3 Qxd1 35. Rf8+ Kxf8 36. Qxg7+ Ke8 $19) 30... f6 31. Rxf6 Nd3+ 32. Kd1 e5
$13) 27... Ne7 $132) 25. Qe2 Qa5 26. h5 b3 $2 {strange  decision,after 26...
Nf8 ,or 26...Ne7 white has  strong attack,but the result of the game still
isn't  clear.} (26... Ne7) (26... Nf8) 27. axb3 Nf8 28. Bc3 Qc7 29. h6 $18 gxh6
30. Qh5 {[%csl Rf7,Rh6][%cal Rh5h6,Rh5f7]} Qb7 31. Rf4 {[%csl Rg4][%cal Yf4g4]}
Ng6 32. Qxh6 {[%csl Rh7][%cal Rh6h7]} Bb5 (32... Nxf4 33. Bxh7+ Kh8 34. gxf4
$18) 33. Rb4 {[%csl Rb5]} a6 34. Rh1 {[%cal Rh2h7]} Qf3 35. Bxg6 1-0

[Event "Moscow Aeroflot op-A"]
[Site "Moscow"]
[Date "2005.02.23"]
[Round "9"]
[White "Iordachescu, Viorel"]
[Black "Lugovoi, Aleksei"]
[Result "1-0"]
[WhiteElo "2615"]
[BlackElo "2552"]
[Annotator "Gofshtein,L"]
[PlyCount "73"]
[EventDate "2005.02.15"]
[EventType "swiss"]
[EventRounds "9"]
[EventCountry "RUS"]
[SourceTitle "CBM 106"]
[Source "ChessBase"]
[SourceDate "2005.06.06"]
[SourceVersion "1"]
[SourceVersionDate "2005.06.06"]
[SourceQuality "1"]

1. e4 {[%mdl 4]} c5 2. Nf3 d6 3. d4 cxd4 4. Nxd4 Nf6 5. Nc3 Nc6 6. Bg5 e6 7.
Qd2 Be7 8. O-O-O O-O 9. f4 Nxd4 10. Qxd4 Qa5 11. Bc4 Bd7 12. e5 dxe5 13. fxe5
Bc6 14. Bd2 Nd7 15. Nd5 Qd8 16. Nxe7+ Qxe7 17. Rhe1 Rfd8 18. Qg4 Nf8 {The
opponents played a forced line where black has to defend very carefully} 19. h4
{A natural move. White plans to weaken black's pawn structure on the kingside
by the advance of the pawn. 19.Bf1 was also played} (19. Bf1 {- 59/(233)})
19... Qc5 {[%cal Rd8d4] Creating a threat of 20...Rd4} 20. Bc3 {Alternatuvoi
javljutcia 20.Bb3 i 20.Bf1} (20. Bf1 Qf2 21. Qf4 Qxf4 22. Bxf4 Ng6 23. Bg3 Ne7
24. Rxd8+ Rxd8 25. Rd1 Rxd1+ 26. Kxd1 a6 $11 {1-0 Anka,E-Feher,G/Budapest 1994/
CBM 045 ext (60)}) (20. Bb3 Ng6 21. Qg3 a5 22. h5 Ne7 23. Be3 Rxd1+ 24. Rxd1
Nf5 25. Qxg7+ Nxg7 26. Bxc5 $16 {1/2-1/2 Smirin,I-Wells,P/Port Erin 2004/CBM
102 ext (33)}) 20... Bd5 $6 $146 {[%mdl 8] A dubious mistake. A the tournament
practice shows 20...Qf2 or 20...Rd1 with a further 21...Qf2 deserve a serious
attention} (20... Qf2 {Leko,P:} 21. Rd6 {'[]' Leko,P.} (21. Rxd8 $6 Rxd8 {/\}
22. g3 $2 Bf3 23. Qf4 Qxe1+ $1 24. Bxe1 Rd1#) (21. Re2 Rxd1+ 22. Kxd1 Qf1+ 23.
Be1 Rd8+ $15) 21... Ng6 (21... Qxg2 22. Qd4 Rdc8 23. Bd2 $1 Qh2 $1 24. Re2 (24.
Bd3 Ng6 25. Bxg6 hxg6 $15) 24... Qh1+ 25. Re1 Qh2 $11) 22. g3 Rdc8 23. Rf1 Qe3+
24. Kb1 Be4 $132 {1.58-2.05. 1/2-1/2 Pupo,E-Gonzalez Garcia,J/Cuba 1993/EXT 97
(40)}) (20... h5 $2 21. Qe2 Bxg2 22. Rxd8 Rxd8 23. Bd3 Bh3 24. Qxh5 $16 {
1-0 Sherzer,A-Rachels,S/USA 1992/TD (38)}) (20... Rxd1+ $5 21. Rxd1 Qf2 22. Rf1
Qe3+ 23. Kb1 Rd8 24. a3 b5 $132 {1/2-1/2 Gallardo,E-Valenzuela Fuentealba,L/
Cascavel 1996/EXT 98 (33)}) (20... h5 $2 {- 56/215}) 21. Bd3 a5 {Black tries
to start an offense on the queenside. As the variations show it was dangerous
to take the pawn on a2} (21... Bxa2 22. Bb4 (22. h5 h6 23. Bb4 (23. Rf1 Bd5)
23... Qc7 24. Bxf8 Kxf8 25. Qb4+ Kg8 26. Qe4 Kf8 27. Qh7 Rac8 28. c3 Qa5 29.
Bc2 $40) 22... Qc7 23. Bd6 Qa5) 22. h5 {White is consistently carries out his
plan - a weakening of the black king} b5 (22... h6 $5 23. Bd4 Qc7) 23. Bd4 Qc6
24. h6 $16 {Now white's edge becomes evident} Ng6 (24... g6 25. Qf4 Nd7 26. Rf1
$36) 25. hxg7 Bxg2 (25... Kxg7 26. Be3 $36 {[%cal Re3g5,Gg5f6]}) 26. Bxb5 Qxb5
(26... Bf3 27. Qh3) 27. Qxg2 Rac8 28. Qf2 {[%cal Rf2f7] Defending the bishop
on d4 and attacking the pawn on f7} a4 29. a3 Rc4 30. Rh1 {[%cal Rf2h2,Gh2h7]
White prepares an attack on the h-file} Rdc8 31. c3 Qb3 32. Rdf1 R4c7 33. Qh2
$18 {[%cal Rh2h7]} h5 34. Qxh5 Rxc3+ 35. Kb1 Rc1+ 36. Rxc1 Qd3+ 37. Ka2 1-0

[Event "New York op"]
[Site "New York"]
[Date "1998.03.16"]
[Round "2"]
[White "Stripunsky, Alexander"]
[Black "Hracek, Zbynek"]
[Result "1-0"]
[WhiteElo "2475"]
[BlackElo "2610"]
[Annotator "Gofshtein,L"]
[PlyCount "93"]
[EventDate "1998.03.16"]
[EventType "swiss"]
[EventRounds "9"]
[EventCountry "USA"]
[SourceTitle "CBM 064"]
[Source "ChessBase"]
[SourceDate "1998.06.02"]
[SourceVersion "1"]
[SourceVersionDate "1998.06.02"]
[SourceQuality "1"]

1. e4 c5 2. Nf3 Nc6 3. d4 cxd4 4. Nxd4 Nf6 5. Nc3 d6 6. Bg5 e6 7. Qd2 Be7 8.
O-O-O O-O 9. f4 Nxd4 10. Qxd4 Qa5 11. Kb1 h6 12. h4 (12. Bxf6 Bxf6 13. Qd2 Rd8
14. Nd5 Qxd2 15. Nxf6+ gxf6 16. Rxd2 Kf8 $11) 12... Rd8 (12... hxg5 $6 13. hxg5
Ng4 14. Be2 e5 15. Nd5 $1 Qd8 16. Qg1 $16 {Beljavsky-Tseshkovsky,USSR 1981}) (
12... e5 13. Qd3 exf4 14. Bxf4 Be6 15. Be2 Rac8 16. Nd5 $14) 13. Be2 (13. g4 $6
e5 14. Qg1 exf4 15. Bxf6 Bxf6 16. Nd5 Be5 17. g5 h5 18. g6 $13 {
Byvsev-Taimanov 1952 USSR}) (13. Bd3 Bd7 14. e5 dxe5 15. fxe5 Bc6 16. Qf4 Nh5
17. Qg4 Rxd3 $1 (17... hxg5 18. Qxh5 Rxd3 19. hxg5 $1 $18) 18. Rxd3 hxg5 19.
Qxh5 g6 $1 $15 {Topalov,Kramnik} (19... gxh4 20. Rd4 g6 21. Rg4 Qc5 $1 22. Rf1
Bf6 $1 23. Rxg6+ fxg6 24. Qxg6+ $11 {Shirov-Anand Monako 1997})) 13... Bd7 (
13... e5 14. Qe3 (14. Qd3 exf4 15. Bxf4 Be6 16. Nd5 Nxd5 17. exd5 Bd7 $14 {
Rodgers-Pelletier,1996 Biel}) 14... exf4 15. Bxf4 Be6 16. Bf3 Bf8 17. Qe1 $36 {
Bologan -Kotronias,1992 Halkidi}) 14. Qe3 (14. e5 dxe5 15. fxe5 Bc6 16. Qf4 (
16. Qe3 Rxd1+ 17. Bxd1 hxg5 18. hxg5 Bxg2 $1 $17) 16... Rxd1+ 17. Bxd1 Qb4 $1 (
17... hxg5 18. hxg5 Nd5 19. Qh2 Nxc3+ 20. bxc3 $18) (17... Nd5 18. Nxd5 Bxg5 (
18... Bxd5 19. Bxe7 $18) 19. hxg5 Bxd5 20. a3 $16) 18. Qg3 (18. exf6 hxg5 19.
Qh2 Bd6 $17) (18. Qh2 Nd7) 18... hxg5 19. hxg5 (19. exf6 Bxf6 20. hxg5 Bxc3 $19
) 19... Nh7 20. Qh2 (20. Rh4 Qc5 21. Qh2 Bxg5 22. Rxh7 Bh6) 20... Be4 $17)
14... Rac8 (14... Bc6 $5 {Hrachek-Harlov 1998,New York}) 15. Rd3 $5 Qc5 $2 (
15... Bc6) 16. Qxc5 $1 Rxc5 (16... dxc5 $6 17. e5 hxg5 18. hxg5 $16) 17. e5 $1
Bc6 (17... hxg5 18. hxg5 $16) (17... dxe5 18. Bxf6 Bxf6 19. Rhd1 Rc7 20. Nb5
$16) 18. exf6 gxf6 19. Bxh6 Kh7 20. Bg5 Kg7 (20... Bxg2 21. Rg1 Bc6 22. b4 Rc4
23. b5 Bd7 24. Rh3 Rb4+ 25. Kc1 $16) 21. Rg3 fxg5 22. hxg5 $16 Rh8 $2 (22... a5
$142) 23. Rxh8 Kxh8 24. b4 $1 Rf5 25. Rh3+ Kg8 26. g3 $1 $18 a5 27. Bd3 axb4
28. Bxf5 bxc3 29. Bh7+ Kg7 30. Bd3 Kg8 31. g6 Bf6 32. g4 d5 33. g5 Bg7 34. f5
exf5 35. Bxf5 d4 36. Rh4 fxg6 37. Bxg6 b5 38. Be4 Be8 39. g6 Kf8 40. Rh5 Bf6
41. Rc5 Bd7 42. Rc7 Be8 43. Rb7 Be5 44. Bd3 Bf6 45. Rb8 Be5 46. Rb6 Bc7 47. Re6
1-0

[Event "FIDE-Wch k.o."]
[Site "New Delhi/Teheran"]
[Date "2000.12.04"]
[Round "3.2"]
[White "Adams, Michael"]
[Black "Yermolinsky, Alex"]
[Result "1/2-1/2"]
[WhiteElo "2755"]
[BlackElo "2596"]
[Annotator "Gofshtein,L"]
[PlyCount "55"]
[EventDate "2000.11.27"]
[EventType "k.o."]
[EventRounds "7"]
[EventCountry "IND"]
[SourceTitle "CBM 081"]
[Source "ChessBase"]
[SourceDate "2001.03.20"]
[SourceVersion "1"]
[SourceVersionDate "2001.03.20"]
[SourceQuality "1"]

{[%mdl 4]} 1. e4 c5 2. Nf3 d6 3. d4 cxd4 4. Nxd4 Nf6 5. Nc3 Nc6 6. Bg5 e6 7.
Qd2 Be7 8. O-O-O Nxd4 9. Qxd4 O-O 10. f4 h6 11. Bh4 ({Worth of attention} 11.
h4 hxg5 12. hxg5 Ng4 (12... Ne8 $2 13. Qe3 f5 14. Qh3 Bxg5 15. Qh7+ Kf7 16.
Qh5+ g6 17. Qxg5 Qxg5 18. fxg5) (12... Nd7 $2 13. Qe3 $36) 13. Be2 e5 14. Qg1
exf4 15. Bxg4 Bxg4 (15... Bxg5 16. Qh2 Bh6 17. Bxc8 Rxc8 18. Rd3 $44) 16. Qh2
f5 {Anand-Kasparov 1994rapid}) 11... Qa5 12. Bc4 e5 13. fxe5 dxe5 14. Qd3 (14.
Qg1 $6 Bg4 15. Bxf6 Bxf6 16. Rd3 Rac8 17. Bb3 Be6 18. Nd5 Bg5+ 19. Kb1 Qc5 $11
{Anka,E-Ibragimov,I/Budapest/1995/}) 14... Bg4 (14... Qc5 15. Bxf6 Bxf6 16. Kb1
(16. Qe2 a6 17. Rhf1 Be6 18. Bd5 Bg5+ 19. Kb1 Rac8 20. Rd3 b5 $13) 16... Be6
17. Bxe6 fxe6 18. Qd6 $11 {Gligorich,S-Taimanov,M/1952/}) 15. Bxf6 {after this
exchange White occupies central square d5, but, as shows practice, this factor
doesn't bring to White any advantage.} ({Worth of attention} 15. Rdf1 $5 {
played 45 years ago} Rad8 16. Qg3 Be6 17. Rxf6 $1 Bxc4 18. Rxh6 Bxh4 19. Rxh4
Bxa2 20. Qh3 $40 {1-0 Zurakhov,V-Boleslavsky,I/Riga 1955/EXT 99 (116)}) 15...
Bxf6 16. Rdf1 Bh4 ({In case of} 16... Rac8 17. Bb3 {leads to White advantage:}
(17. Bd5 Be6 18. Kb1 Rfd8 19. Rd1 b5 20. Rhf1 b4 21. Ne2 Bxd5 22. exd5 Rc5 23.
d6 Rc6 24. d7 Rc7 25. Ng3 Qa4 26. b3 Qc6 27. Qe4 Qb5 28. Rxf6 gxf6 29. Nf5 h5
30. Qe3 Rc4 31. bxc4 Qxc4 32. Qh6 Qg4 33. Ne7# {1-0 Nowak,E-Hybl,J/Brno 1964/
MCD (33)}) 17... Be6 18. Kb1 Qc5 $132 19. h4 $5 $146 (19. Qg3 Bg5 20. Rd1 b5
21. Qd3 Bc4 $11 {0-1 Fontaine,R-Sosonko,G/Cannes 1996/CBM 51 ext (55)}) 19...
h5 20. Qg3 Bd8 21. Rd1 (21. Nd5 $142) 21... Bxb3 22. axb3 Ba5 23. Rd5 $36 {
1-0 Tseitlin,M-Sosonko,G/St Petersburg 1997/CBM 59/}) (16... Bg5+ 17. Kb1 Be6
18. h4 (18. Nd5 Qc5 19. h4 Bd8 20. Bb3 b5 $132 {1/2-1/2 Garcia,G-Pupo,E/Santa
Clara 1996/EXT 99 (48)}) 18... Be7 19. Nd5 Qc5 20. Qe2 $36 {1-0 Korneev,
O-Cicak,S/Sitges 1996/EXT 99 (43)}) (16... Bh5 17. Kb1 Qc5 18. Bd5 Rad8 19. h3
{1/2-1/2 Yermolinsky,A-Gulko,B/Denver 1998/CBM 68 (19)}) ({Dubious is} 16...
Rad8 $6 17. Nd5 Bg5+ 18. Kb1 Rd6 19. Qg3 Be6 20. Qxe5 Bxd5 21. Bxd5 $16 {
1-0 Cao Sang-Sziebert,A/HUN 1996/EXT 2000 (30)}) (16... Qc5 17. Rxf6 gxf6 18.
Qg3 f5 19. h3 Qxc4 20. hxg4 f4 21. Qh4 Qe6 $17 {0-1 Jezek,J-Kozma,J/Prague
1953/MCD (41)}) 17. Kb1 Qc5 18. g3 Bg5 19. h3 Be6 20. Bb3 Rad8 21. Nd5 f5 $5 {
[%csl Yd5,Re4][%cal Yf5e4,Ye6d5] Otherwise White will play g3-g4 strengthening
Nd5} 22. h4 fxe4 23. Rxf8+ Kxf8 24. Qf1+ Kg8 25. Nc3 ({In case of} 25. hxg5 {
Black equalizes:} Bxd5 26. Bxd5+ (26. gxh6 Bxb3 27. axb3 Rd2 28. h7+ Kh8 29. c3
Qf2 30. Qxf2 Rxf2 31. Re1 Kxh7 32. Rxe4 Rf1+ 33. Ka2 Rf5 $11) 26... Qxd5 27.
gxh6 gxh6 28. Qc1 e3) 25... Bxb3 26. axb3 Be3 27. Nxe4 Qc6 28. Qf3 {Position
of Black at least equal.} 1/2-1/2

[Event "FIDE-Wch k.o."]
[Site "New Delhi/Teheran"]
[Date "2000.11.29"]
[Round "1.4"]
[White "Bezgodov, Alexei"]
[Black "Gulko, Boris F"]
[Result "0-1"]
[WhiteElo "2557"]
[BlackElo "2643"]
[Annotator "Gofshtein,L"]
[PlyCount "123"]
[EventDate "2000.11.27"]
[EventType "k.o."]
[EventRounds "7"]
[EventCountry "IND"]
[SourceTitle "CBM 081"]
[Source "ChessBase"]
[SourceDate "2001.03.20"]
[SourceVersion "1"]
[SourceVersionDate "2001.03.20"]
[SourceQuality "1"]

1. e4 {[%mdl 4096]} c5 2. Nf3 d6 3. d4 cxd4 4. Nxd4 Nf6 5. Nc3 Nc6 6. Bg5 e6 7.
Qd2 Be7 8. O-O-O O-O (8... Nxd4 9. Qxd4 O-O 10. f4 h6) 9. f4 h6 {Rather rare
variation.} 10. Bh4 ({In my opinion, White must try to find advantage in} 10.
h4 {variation - see cooments to the game Adams-Yermolinsky,Fide-Wch k.o.2000
[Gofshtein,L]}) 10... Nxd4 11. Qxd4 Qa5 12. Bc4 e5 13. fxe5 dxe5 14. Qd3 (14.
Qg1 $6 Bg4 15. Bxf6 Bxf6 16. Rd3 Rac8 17. Bb3 Be6 18. Nd5 Bg5+ 19. Kb1 Qc5 $11
{Anka,E-Ibragimov,I/Budapest/1995/}) 14... Bg4 $5 (14... Qc5 15. Bxf6 Bxf6 16.
Kb1 (16. Qe2 a6 17. Rhf1 Be6 18. Bd5 Bg5+ 19. Kb1 Rac8 20. Rd3 b5 $13) 16...
Be6 17. Bxe6 fxe6 18. Qd6 $11 {Gligorich,S-Taimanov,M/1952/}) 15. Bxf6 Bxf6 16.
Rdf1 Bh4 (16... Rac8 17. Bb3 (17. Bd5 Be6 18. Kb1 Rfd8 19. Rd1 b5 20. Rhf1 b4
21. Ne2 Bxd5 22. exd5 Rc5 23. d6 Rc6 24. d7 Rc7 25. Ng3 Qa4 26. b3 Qc6 27. Qe4
Qb5 28. Rxf6 gxf6 29. Nf5 h5 30. Qe3 Rc4 31. bxc4 Qxc4 32. Qh6 Qg4 33. Ne7# {
1-0 Nowak,E-Hybl,J/Brno 1964/MCD (33)}) 17... Be6 18. Kb1 Qc5 19. Qg3 (19. h4
$146 h5 20. Qg3 $36 {1-0 Tseitlin,M-Sosonko,G/St Petersburg 1997/CBM 59/)})
19... Bg5 20. Rd1 b5 21. Qd3 Bc4 $11 {0-1 Fontaine,R-Sosonko,G/Cannes 1996/CBM
51 ext (55)}) (16... Bg5+ 17. Kb1 Be6 18. h4 (18. Nd5 Qc5 19. h4 Bd8 20. Bb3 b5
$132 {1/2-1/2 Garcia,G-Pupo,E/Santa Clara 1996/EXT 99 (48)}) 18... Be7 19. Nd5
Qc5 20. Qe2 b5 21. Nxe7+ Qxe7 22. Bxe6 Qxe6 23. Qxb5 Rfd8 24. Qe2 Rd6 25. Rd1
Rad8 26. b3 Qd7 27. Rxd6 Qxd6 28. Rf1 Qb4 $16 {1-0 Korneev,O-Cicak,S/Sitges
1996/EXT 99 (43)}) (16... Bh5 17. Kb1 Qc5 18. Bd5 Rad8 19. h3 {1/2-1/2
Yermolinsky,A-Gulko,B/Denver 1998/CBM 68 (19)}) 17. Kb1 Qc5 18. h3 $146 {
This novelty doesn't change this variation evaluation.} ({and after} 18. g3 Bg5
19. h3 Be6 20. Bb3 Rad8 21. Nd5 f5 $132 {Black has good counterplay:
Adams-Yermolinsky,Fide-Wch k.o.2000}) 18... Rad8 19. Bd5 ({After standard} 19.
Nd5 Be6 20. Bb3 Rd7 $132 {Black has sufficient counterplay.}) 19... Be6 20. Qf3
({More exactly} 20. Qe2 $5) 20... b6 21. Rd1 ({Also after} 21. Bxe6 fxe6 22.
Qg4 Rxf1+ 23. Rxf1 Qc4 24. Rd1 Rxd1+ 25. Nxd1 Bg5 $132 {Black has good
position.}) 21... Bf2 $5 22. Bb3 Qe3 23. Qxe3 Bxe3 $11 24. Nb5 $6 ({Standard} 
24. Nd5 {would lead to equal position.}) (24. Bxe6 fxe6 25. Rxd8 Rxd8 26. Rd1
Rd4 $11) 24... Bxb3 25. axb3 a5 26. Nd6 Bc5 27. Nc4 (27. Nf5 Kh7 $15) 27... f6
$15 {Position of Black is better: In future Black is able to make free P on
the kingside. In other hand, White's doubled PP on the queenside are not
dangerous.} 28. c3 Kf7 29. Kc2 Ke6 30. g4 g6 31. h4 $6 {Inaccuracy!} ({It was
necessary to play} 31. Rhf1 $5 Rxd1 32. Rxd1 h5 33. gxh5 gxh5 34. Rd5 $132 {
White recieve certain couterplay.}) 31... h5 $1 32. gxh5 gxh5 33. Rdf1 (33.
Rxd8 Rxd8 34. Rf1 Rg8 35. Rf5 Rg4 36. Rxh5 Rxe4 37. Rh8 Re2+ 38. Kd3 Rh2 $17)
33... Rg8 34. Rh2 Rg4 $17 {[%csl Re4,Rh4] Domination. Black has strong
initiative.} 35. Nd2 Be3 36. Nc4 Bg1 37. Re2 Bc5 38. Rh1 Rdg8 39. Nd2 (39. Rh3
Rf4) 39... Rf4 40. Rh3 Rgg4 41. Rd3 Rxh4 42. Rd8 Rhg4 43. Rh8 h4 44. Rh7 Rg3
45. Rh2 Be3 46. Nc4 Rxe4 $19 47. R7xh4 Rxh4 48. Rxh4 Rg2+ 49. Kb1 Bc5 {Strong
free PP "e" and "f" makes position of White hopeless.} 50. Rh8 e4 51. Re8+ Kf5
52. b4 axb4 53. cxb4 b5 54. bxc5 bxc4 55. c6 Rg7 56. Rc8 Kf4 57. Kc2 f5 58. c7
(58. Re8 Ke3 $1 59. Kc3 f4 60. Kxc4 f3 61. Rf8 f2 62. Kc5 Rg1 $19) 58... Rd7
59. Kc3 e3 60. Kxc4 Re7 61. Kd3 e2 62. Kd4 0-1